[Event "V4 OPEN - International Championship of Slovakia 2
[Site "Banska Stiavnica"]
[Date "2013.07.14"]
[Round "9"]
[Board "29"]
[White "Puskar, Jan"]
[Black "Zvarik, Martin"]
[Result "0-1"]
[WhiteElo "2014"]
[BlackElo "2235"]
[PlyCount "0"]
[EventDate "2013.07.06"]
[EventRounds "9"]
[EventCountry "SVK"]

1. e4 {[%clk 1:30:57]} e5 {[%clk 1:21:26]} 2. Nc3 {[%clk 1:30:52]} Nc6
{[%clk 1:20:51]} 3. Nf3 {[%clk 1:30:11]} g6 {[%clk 1:16:33]} 4. d4
{[%clk 1:29:53]} exd4 {[%clk 1:16:50]} 5. Nxd4 {[%clk 1:30:14]} Bg7
{[%clk 1:17:17]} 6. Be3 {[%clk 1:30:35]} Nge7 {[%clk 1:15:21]} 7. Bc4
{[%clk 1:28:19]} O-O {[%clk 1:15:34]} 8. Qd2 {[%clk 1:23:08]} Ne5
{[%clk 1:09:04]} 9. Be2 {[%clk 1:23:20]} d5 {[%clk 1:06:53]} 10. f4
{[%clk 1:22:41]} Ng4 {[%clk 1:02:46]} 11. Bxg4 {[%clk 1:23:01]} Bxg4
{[%clk 1:02:58]} 12. h3 {[%clk 1:22:30]} Bc8 {[%clk 1:02:53]} 13. exd5
{[%clk 1:18:37]} Nxd5 {[%clk 1:02:23]} 14. Nxd5 {[%clk 1:17:21]} Qxd5
{[%clk 1:02:46]} 15. O-O {[%clk 1:17:44]} c5 {[%clk 1:01:02]} 16. Nb5
{[%clk 1:08:47]} Qxd2 {[%clk 0:58:58]} 17. Bxd2 {[%clk 1:09:09]} Bf5
{[%clk 0:59:21]} 18. Nd6 {[%clk 1:05:49]} Bxc2 {[%clk 0:59:18]} 19. Rac1
{[%clk 1:05:03]} Bd3 {[%clk 0:58:07]} 20. Rf3 {[%clk 1:05:20]} Be2
{[%clk 0:58:03]} 21. Rb3 {[%clk 0:57:05]} Rad8 {[%clk 0:56:39]} 22. Re1
{[%clk 0:57:17]} Ba6 {[%clk 0:56:59]} 23. Ne4 {[%clk 0:53:48]} c4
{[%clk 0:55:14]} 24. Ra3 {[%clk 0:30:52]} f5 {[%clk 0:53:58]} 25. Rxa6
{[%clk 0:21:30]} bxa6 {[%clk 0:51:46]} 26. Ba5 {[%clk 0:18:23]} fxe4
{[%clk 0:50:48]} 27. Bxd8 {[%clk 0:16:40]} Rxd8 {[%clk 0:51:16]} 28. Rxe4
{[%clk 0:16:57]} Rc8 {[%clk 0:49:07]} 29. Re2 {[%clk 0:14:07]} Kf7
{[%clk 0:49:19]} 30. Kf2 {[%clk 0:14:09]} a5 {[%clk 0:49:22]} 31. g4
{[%clk 0:14:09]} a4 {[%clk 0:49:47]} 32. a3 {[%clk 0:14:30]} c3 {[%clk 0:50:11]}
33. bxc3 {[%clk 0:12:54]} Rxc3 {[%clk 0:50:36]} 34. Rd2 {[%clk 0:13:11]} Ke6
{[%clk 0:50:57]} 35. f5+ {[%clk 0:13:35]} gxf5 {[%clk 0:51:14]} 36. gxf5+
{[%clk 0:14:01]} Kxf5 {[%clk 0:51:37]} 37. Rd7 {[%clk 0:14:24]} Kg6
{[%clk 0:51:21]} 38. h4 {[%clk 0:14:42]} h5 {[%clk 0:52:04]} 39. Rd6+
{[%clk 0:15:05]} Bf6 {[%clk 0:52:29]} 40. Ra6 {[%clk 0:15:24]} Rxa3
{[%clk 0:52:48]} 0-1

[Event "V4 OPEN - International Championship of Slovakia 2
[Site "Banska Stiavnica"]
[Date "2013.07.14"]
[Round "9"]
[Board "30"]
[White "Nemergut, Patrik"]
[Black "Peitl, Tomas"]
[Result "1/2-1/2"]
[WhiteElo "1976"]
[BlackElo "2211"]
[PlyCount "0"]
[EventDate "2013.07.06"]
[EventRounds "9"]
[EventCountry "SVK"]

1. Nf3 {[%clk 1:28:01]} d5 {[%clk 1:22:39]} 2. d4 {[%clk 1:28:07]} Nf6
{[%clk 1:22:24]} 3. Bf4 {[%clk 1:27:32]} c5 4. dxc5 {[%clk 1:27:32]} Nc6
{[%clk 1:18:27]} 5. e3 {[%clk 1:25:26]} Bg4 {[%clk 1:17:31]} 6. Be2
{[%clk 1:23:38]} e6 {[%clk 1:17:18]} 7. O-O {[%clk 1:22:15]} Bxc5
{[%clk 1:16:38]} 8. c3 {[%clk 1:19:16]} O-O {[%clk 1:14:44]} 9. Nbd2
{[%clk 1:18:44]} Re8 {[%clk 1:06:35]} 10. h3 {[%clk 1:16:45]} Bh5
{[%clk 1:05:52]} 11. g4 {[%clk 1:16:15]} Bg6 {[%clk 1:06:06]} 12. Ne5
{[%clk 1:11:24]} Nd7 {[%clk 1:00:22]} 13. Ndf3 {[%clk 1:09:44]} Be4
{[%clk 0:58:03]} 14. Nxc6 {[%clk 1:03:41]} bxc6 {[%clk 0:57:57]} 15. Qa4
{[%clk 1:04:05]} e5 {[%clk 0:57:05]} 16. Bg3 {[%clk 1:04:26]} Qf6
{[%clk 0:47:57]} 17. Nd2 {[%clk 1:02:22]} Bg6 {[%clk 0:40:08]} 18. c4
{[%clk 1:02:50]} Rad8 {[%clk 0:22:22]} 19. b4 {[%clk 1:01:31]} Bf8
{[%clk 0:21:28]} 20. c5 {[%clk 1:01:03]} Ra8 {[%clk 0:12:33]} 21. Rac1
{[%clk 1:00:38]} a5 {[%clk 0:12:09]} 22. g5 {[%clk 0:54:26]} Qxg5
{[%clk 0:09:14]} 23. Qxc6 {[%clk 0:54:00]} Nf6 {[%clk 0:08:32]} 24. Kh2
{[%clk 0:50:30]} axb4 {[%clk 0:07:31]} 25. Nf3 {[%clk 0:50:17]} Qf5
{[%clk 0:07:07]} 26. Nxe5 {[%clk 0:49:52]} Rxa2 {[%clk 0:05:18]} 27. Bg4
{[%clk 0:45:43]} Qe4 {[%clk 0:04:41]} 28. Bf3 {[%clk 0:45:13]} Qxe3
{[%clk 0:03:46]} 29. Bxd5 {[%clk 0:44:49]} Rxe5 {[%clk 0:03:12]} 30. Bxa2
{[%clk 0:45:07]} Qg5 {[%clk 0:02:00]} 31. Bxe5 {[%clk 0:44:16]} Be4
{[%clk 0:01:43]} 32. Bxf7+ {[%clk 0:40:46]} Kh8 {[%clk 0:01:39]} 33. Qxe4
{[%clk 0:39:35]} Nxe4 {[%clk 0:02:02]} 34. Bg3 {[%clk 0:38:45]} Nxc5
{[%clk 0:01:11]} 35. Rfe1 {[%clk 0:33:46]} Qf6 {[%clk 0:01:07]} 36. Bd5
{[%clk 0:33:31]} Nd3 {[%clk 0:00:50]} 37. Rc6 {[%clk 0:30:07]} Nxe1
{[%clk 0:00:51]} 38. Rxf6 {[%clk 0:30:35]} gxf6 {[%clk 0:01:15]} 39. f3
{[%clk 0:30:14]} Nd3 {[%clk 0:01:03]} 40. Bc4 {[%clk 0:30:24]} Nc5
{[%clk 0:00:59]} 41. Bf2 {[%clk 0:30:13]} Nd7 {[%clk 0:30:52]} 42. Be6
{[%clk 0:58:58]} Ne5 {[%clk 0:30:58]} 43. Kg2 {[%clk 0:59:12]} Kg7
{[%clk 0:30:26]} 44. Bd4 {[%clk 0:58:47]} Nd3 {[%clk 0:30:07]} 45. Bf5
{[%clk 0:58:01]} Nf4+ {[%clk 0:27:50]} 46. Kf2 {[%clk 0:57:25]} Bd6
{[%clk 0:23:34]} 47. Be3 {[%clk 0:55:59]} Nd5 {[%clk 0:22:32]} 48. Be6
{[%clk 0:55:52]} Nc7 {[%clk 0:21:21]} 49. Bc4 {[%clk 0:55:58]} 1/2-1/2

[Event "V4 OPEN - International Championship of Slovakia 2
[Site "Banska Stiavnica"]
[Date "2013.07.14"]
[Round "9"]
[Board "31"]
[White "Kleman, Miroslav"]
[Black "Hladik, Lumir"]
[Result "1-0"]
[WhiteElo "2207"]
[BlackElo "2045"]
[PlyCount "0"]
[EventDate "2013.07.06"]
[EventRounds "9"]
[EventCountry "SVK"]

1. e4 {[%clk 1:17:01]} c6 {[%clk 1:30:47]} 2. d3 {[%clk 1:16:09]} d5
{[%clk 1:30:21]} 3. Nd2 {[%clk 1:16:33]} e5 {[%clk 1:28:10]} 4. Ngf3
{[%clk 1:16:54]} Bd6 {[%clk 1:28:32]} 5. d4 {[%clk 1:17:12]} Qe7 {[%clk 1:26:36]}
6. dxe5 {[%clk 1:14:03]} Bxe5 {[%clk 1:26:55]} 7. Nxe5 {[%clk 1:14:14]} Qxe5
{[%clk 1:27:14]} 8. Be2 {[%clk 1:14:18]} dxe4 {[%clk 1:26:28]} 9. Nc4
{[%clk 1:14:38]} Qe6 {[%clk 1:23:22]} 10. Nd6+ {[%clk 1:13:57]} Ke7
{[%clk 1:21:26]} 11. Nxc8+ {[%clk 1:09:36]} Qxc8 {[%clk 1:21:54]} 12. Qd4
{[%clk 1:03:45]} Nf6 {[%clk 1:20:51]} 13. Qc5+ {[%clk 1:03:31]} Ke8
{[%clk 1:20:34]} 14. O-O {[%clk 1:02:18]} Nbd7 {[%clk 1:19:49]} 15. Qg5
{[%clk 1:02:07]} h6 {[%clk 1:18:03]} 16. Qxg7 {[%clk 0:57:07]} Ke7
{[%clk 1:16:29]} 17. Qg3 {[%clk 0:56:26]} Qg8 {[%clk 1:15:03]} 18. Qa3+
{[%clk 0:54:31]} c5 {[%clk 1:12:44]} 19. f3 {[%clk 0:53:37]} b6 {[%clk 1:10:36]}
20. fxe4 {[%clk 0:52:55]} Ne5 {[%clk 1:10:10]} 21. Rf5 {[%clk 0:49:34]} Nfd7
{[%clk 1:09:55]} 22. Bf4 {[%clk 0:49:37]} f6 {[%clk 1:09:49]} 23. b4
{[%clk 0:39:26]} Qg7 {[%clk 1:06:24]} 24. bxc5 {[%clk 0:39:42]} bxc5
{[%clk 1:06:32]} 25. Bxe5 {[%clk 0:35:57]} fxe5 {[%clk 1:06:49]} 26. Bb5
{[%clk 0:33:18]} Rhg8 {[%clk 1:06:18]} 27. g3 {[%clk 0:33:40]} Rgc8
{[%clk 1:04:03]} 28. Bxd7 {[%clk 0:32:37]} Kxd7 {[%clk 1:04:28]} 29. Rd1+
{[%clk 0:32:35]} Kc6 {[%clk 1:03:02]} 30. Qa6+ {[%clk 0:32:39]} Kc7
{[%clk 1:02:56]} 31. Qd6+ {[%clk 0:33:06]} 1-0

[Event "V4 OPEN - International Championship of Slovakia 2
[Site "Banska Stiavnica"]
[Date "2013.07.14"]
[Round "9"]
[Board "32"]
[White "Horvath, Julia"]
[Black "Nowak, Lukasz"]
[Result "0-1"]
[WhiteElo "2183"]
[BlackElo "1955"]
[PlyCount "122"]
[EventDate "2013.07.06"]
[EventRounds "9"]
[EventCountry "SVK"]

1. d4 Nf6 2. c4 e6 3. Nf3 d5 4. e3 a6 5. Be2 dxc4 6. Bxc4 b5 7. Bb3 Bb7 8. O-O
c5 9. Qe2 Nbd7 10. Nc3 Qb8 11. h3 Bd6 12. Bc2 O-O 13. e4 cxd4 14. Nxd4 Bh2+ 15.
Kh1 Bf4 16. a3 Rc8 17. Re1 Bxc1 18. Raxc1 Ne5 19. Kg1 Nc4 20. Bb1 Qe5 21. Nf3
Qh5 22. Rcd1 Nxa3 23. Ba2 Nc4 24. Rd4 Ne5 25. Nxe5 Qxe5 26. Red1 Kf8 27. Qe3 g5
28. f3 h6 29. Qf2 Ke8 30. Qd2 Qc7 31. h4 Qf4 32. Qxf4 gxf4 33. e5 Nh5 34. Bb1
Rd8 35. Be4 Bxe4 36. Nxe4 Rxd4 37. Rxd4 Rd8 38. Nd6+ Ke7 39. Rb4 f6 40. Ne4
fxe5 41. Kf2 Rd4 42. Rb3 b4 43. Ke1 a5 44. Nc5 Kd6 45. Nd3 a4 46. Rxb4 Rxd3 47.
Rxa4 Ng3 48. Ra6+ Kd5 49. Ra5+ Kd4 50. Ra6 Re3+ 51. Kd1 e4 52. fxe4 Rxe4 53. b4
Kc4 54. Rb6 Nf5 55. Rb8 Nd4 56. Rh8 Kd3 57. Rd8 Re5 58. Rd7 Rb5 59. Ke1 Rxb4
60. Kf2 Rb2+ 61. Kg1 Ke4 0-1

[Event "V4 OPEN - International Championship of Slovakia 2
[Site "Banska Stiavnica"]
[Date "2013.07.14"]
[Round "9"]
[Board "33"]
[White "Kumala, Aleksander"]
[Black "Zatko, Gregor"]
[Result "1/2-1/2"]
[WhiteElo "1954"]
[BlackElo "2158"]
[PlyCount "48"]
[EventDate "2013.07.06"]
[EventRounds "9"]
[EventCountry "SVK"]

1. e4 e5 2. Nf3 Nc6 3. Bc4 Be7 4. d4 exd4 5. c3 Nf6 6. e5 Ne4 7. cxd4 d5 8. Bd3
Bg4 9. Nbd2 Nxd2 10. Bxd2 Bh5 11. O-O O-O 12. Be3 Bg6 13. Rc1 Bxd3 14. Qxd3 Qd7
15. Bg5 h6 16. Bxe7 Nxe7 17. Rfe1 c6 18. b4 a5 19. b5 cxb5 20. e6 fxe6 21. Ne5
Qe8 22. Rc7 Nf5 23. Rxb7 Nd6 24. Rd7 Rd8 1/2-1/2

[Event "V4 OPEN - International Championship of Slovakia 2
[Site "Banska Stiavnica"]
[Date "2013.07.14"]
[Round "9"]
[Board "34"]
[White "Dowgird, Filip"]
[Black "Oszczanowski, Witold"]
[Result "1/2-1/2"]
[WhiteElo "2154"]
[BlackElo "1936"]
[PlyCount "20"]
[EventDate "2013.07.06"]
[EventRounds "9"]
[EventCountry "SVK"]

1. c4 Nf6 2. Nc3 e5 3. g3 Be7 4. Bg2 O-O 5. d3 c6 6. Bg5 d6 7. Nf3 Be6 8. O-O
Nbd7 9. Bxf6 Nxf6 10. Ng5 Bf5 1/2-1/2

[Event "V4 OPEN - International Championship of Slovakia 2
[Site "Banska Stiavnica"]
[Date "2013.07.14"]
[Round "9"]
[Board "35"]
[White "Sosovicka, Matej"]
[Black "Rabovszky, Gyorgy"]
[Result "1-0"]
[WhiteElo "2102"]
[BlackElo "1923"]
[PlyCount "79"]
[EventDate "2013.07.06"]
[EventRounds "9"]
[EventCountry "SVK"]

1. e4 c5 2. Nf3 Nc6 3. d4 cxd4 4. Nxd4 e5 5. Nb5 a6 6. Nd6+ Bxd6 7. Qxd6 Qe7 8.
Qd1 b5 9. Nc3 h6 10. Nd5 Qd8 11. Be3 Rb8 12. Qd2 Nf6 13. Nxf6+ Qxf6 14. Bc5 Ne7
15. O-O-O Qc6 16. Qd6 Qxd6 17. Bxd6 Rb6 18. Bxe5 Re6 19. Bxg7 Rg8 20. Bc3 Rxe4
21. Bd3 Re6 22. g3 Bb7 23. Rhe1 Bf3 24. Rxe6 fxe6 25. Re1 Nd5 26. Bd2 h5 27. b3
Kf7 28. Kb2 Nf6 29. c4 Rb8 30. h3 Bg2 31. h4 Ng4 32. cxb5 Nxf2 33. Bc2 Bh3 34.
bxa6 d5 35. a7 Ra8 36. Be3 Ng4 37. Bc5 Nf6 38. Bd3 Nd7 39. Bd4 Ke7 40. Ba6 1-0

[Event "V4 OPEN - International Championship of Slovakia 2
[Site "Banska Stiavnica"]
[Date "2013.07.14"]
[Round "9"]
[Board "36"]
[White "Kravec, Patrik"]
[Black "Mondrzycki, Bartlomiej"]
[Result "0-1"]
[WhiteElo "1916"]
[BlackElo "2099"]
[PlyCount "114"]
[EventDate "2013.07.06"]
[EventRounds "9"]
[EventCountry "SVK"]

1. e4 b6 2. d4 Bb7 3. Bd3 e6 4. Nf3 c5 5. c3 Nf6 6. e5 Nd5 7. O-O cxd4 8. cxd4
d6 9. Nc3 Nxc3 10. bxc3 Nd7 11. Re1 dxe5 12. Nxe5 Nxe5 13. Rxe5 Bd6 14. Qa4+
Kf8 15. Ba3 g6 16. Rae1 Kg7 17. Bxd6 Qxd6 18. Be4 Bxe4 19. R5xe4 Rhc8 20. Qb3
Rc7 21. h4 Rac8 22. R1e3 Rc4 23. Rh3 Qd5 24. Re5 Qc6 25. Ree3 h5 26. Qb2 Rc7
27. Qe2 Rd7 28. g4 hxg4 29. Qxg4 Rdxd4 30. Qxd4+ Rxd4 31. cxd4 Qd5 32. Ra3 a5
33. Ra4 Qd7 34. Rc4 e5 35. Rd3 Qg4+ 36. Kf1 Qxh4 37. Rc2 Qh1+ 38. Ke2 Qe4+ 39.
Kd2 exd4 40. Rc4 Qf5 41. f3 Qb5 42. Rcxd4 Qb2+ 43. Ke3 Qxa2 44. Rd2 Qa3+ 45.
Ke4 b5 46. f4 Qe7+ 47. Kf3 b4 48. Rd7 Qe6 49. R2d6 Qh3+ 50. Ke4 a4 51. Ra7 Qg2+
52. Ke5 Qe2+ 53. Kd5 Qd3+ 54. Kc6 Qc4+ 55. Kd7 a3 56. Ke8 a2 57. Rdd7 Qe6+ 0-1

[Event "V4 OPEN - International Championship of Slovakia 2
[Site "Banska Stiavnica"]
[Date "2013.07.14"]
[Round "9"]
[Board "37"]
[White "Danada, Tomas"]
[Black "Jablonicky, Martin"]
[Result "0-1"]
[WhiteElo "2085"]
[BlackElo "1933"]
[PlyCount "166"]
[EventDate "2013.07.06"]
[EventRounds "9"]
[EventCountry "SVK"]

1. d4 f5 2. c4 Nf6 3. h4 e6 4. Nf3 d5 5. Bf4 c6 6. e3 Be7 7. Nc3 O-O 8. Be2 Bd7
9. Qb3 Qb6 10. Qxb6 axb6 11. Bc7 dxc4 12. Bxc4 b5 13. Bb3 Na6 14. Bf4 Nb4 15.
O-O-O Nbd5 16. Nxd5 exd5 17. Ne5 Be8 18. f3 Nh5 19. Kb1 Nxf4 20. exf4 Bf6 21.
Bc2 g6 22. Rde1 Kg7 23. Re3 h5 24. g3 Bxe5 25. Rxe5 Rf7 26. Rhe1 Bd7 27. Bb3
Kf6 28. Kc2 Ra7 29. Kc3 Ra8 30. Kb4 b6 31. Rc1 Rh7 32. Re3 Re8 33. Re5 Rf7 34.
Rc3 Ra8 35. a3 Ra7 36. Bd1 Ra8 37. Rc1 Kg7 38. Kc3 Kf6 39. Kd2 Kg7 40. Rc3 Kf6
41. Ke3 Rh7 42. Kf2 b4 43. Rb3 bxa3 44. bxa3 b5 45. Rc3 Ra7 46. Ke3 Rh8 47. Kd2
Rb8 48. Ree3 b4 49. Rb3 bxa3 50. Rxa3 Rxa3 51. Rxa3 Rb4 52. Ra4 Rb2+ 53. Bc2
Ke7 54. Kc3 Rb8 55. Rb4 Re8 56. Kd2 Kd6 57. Ra4 Rb8 58. Kc3 c5 59. Ra6+ Bc6 60.
dxc5+ Kxc5 61. Ra5+ Bb5 62. Ra7 Re8 63. Rc7+ Bc6 64. Rg7 d4+ 65. Kd2 Re6 66. g4
Bxf3 67. gxf5 Re2+ 68. Kc1 gxf5 69. Bxf5 Rf2 70. Bd3 Bg4 71. Rc7+ Kb4 72. Rc4+
Kb3 73. Rxd4 Kc3 74. Rd6 Rg2 75. Kb1 Rd2 76. f5 Bxf5 77. Kc1 Rxd3 78. Ra6 Bg4
79. Kb1 Rd1+ 80. Ka2 Be2 81. Ra3+ Kc2 82. Re3 Bc4+ 83. Ka3 Rd3+ 0-1

[Event "V4 OPEN - International Championship of Slovakia 2
[Site "Banska Stiavnica"]
[Date "2013.07.14"]
[Round "9"]
[Board "38"]
[White "Szostko, Jakub"]
[Black "Skara, Vladimir"]
[Result "1-0"]
[WhiteElo "1895"]
[BlackElo "2205"]
[PlyCount "56"]
[EventDate "2013.07.06"]
[EventRounds "9"]
[EventCountry "SVK"]

1. c4 c5 2. Nf3 b6 3. g3 Bb7 4. Bg2 Nf6 5. O-O e6 6. Nc3 Be7 7. d4 cxd4 8. Qxd4
d6 9. Rd1 a6 10. b3 Nbd7 11. e4 Qc7 12. Ba3 Nc5 13. e5 dxe5 14. Qxe5 Rc8 15.
Qxc7 Rxc7 16. Bb2 O-O 17. Ne5 Ncd7 18. Nxd7 Nxd7 19. Bxb7 Rxb7 20. Rd2 b5 21.
cxb5 axb5 22. Nxb5 Nc5 23. Nd6 Rb6 24. Nc4 Ra6 25. Bd4 Ne4 26. Re2 Ng5 27. Kg2
Rb8 28. h4 Rxb3 1-0

[Event "V4 OPEN - International Championship of Slovakia 2
[Site "Banska Stiavnica"]
[Date "2013.07.14"]
[Round "9"]
[Board "39"]
[White "Juhar, Roman"]
[Black "Istok, Vojtech"]
[Result "1-0"]
[WhiteElo "2213"]
[BlackElo "1952"]
[PlyCount "59"]
[EventDate "2013.07.06"]
[EventRounds "9"]
[EventCountry "SVK"]

1. d4 Nf6 2. c4 g6 3. Nc3 d5 4. Bg5 Ne4 5. cxd5 Nxg5 6. h4 e6 7. hxg5 exd5 8.
Nf3 Bg7 9. e3 O-O 10. Qb3 c6 11. Bd3 Qe7 12. O-O-O Be6 13. Rh4 c5 14. Qa3 Nd7
15. Rdh1 a6 16. Rxh7 b5 17. Qa5 b4 18. Ne2 c4 19. Bb1 c3 20. Qc7 Bg4 21. Qh2
cxb2+ 22. Kxb2 Bh5 23. Rxh5 gxh5 24. Qxh5 f5 25. gxf6 Nxf6 26. Bh7+ Nxh7 27.
Qxh7+ Kf7 28. Ne5+ Ke8 29. Qg6+ Qf7 30. Qc6+ 1-0

[Event "V4 OPEN - International Championship of Slovakia 2
[Site "Banska Stiavnica"]
[Date "2013.07.14"]
[Round "9"]
[Board "40"]
[White "Sepesi, Samuel"]
[Black "Demeter, Peter"]
[Result "0-1"]
[WhiteElo "1954"]
[BlackElo "2168"]
[PlyCount "72"]
[EventDate "2013.07.06"]
[EventRounds "9"]
[EventCountry "SVK"]

1. e4 d6 2. d4 Nf6 3. Nc3 g6 4. f3 Bg7 5. Be3 h5 6. Qd2 c6 7. O-O-O d5 8. e5
Ng8 9. Bd3 Nh6 10. Nge2 Nd7 11. Bg5 Nf8 12. Nf4 Bf5 13. Rde1 Qc8 14. Bxf5 Nxf5
15. g4 hxg4 16. fxg4 Nh6 17. h3 Ng8 18. Rhf1 Qc7 19. Nd3 Ne6 20. h4 Bh6 21.
Bxh6 Nxh6 22. Nf4 Nxf4 23. Qxf4 O-O-O 24. Rf3 Rdf8 25. Nxd5 Qd7 26. Ne3 f6 27.
Qg3 Qxd4 28. exf6 exf6 29. Nc4 Qxg4 30. Qh2 Qxf3 31. Re7 Qf1+ 32. Kd2 Rd8+ 33.
Kc3 Qf3+ 34. Kb4 c5+ 35. Ka5 Qc6 36. Qf4 Qa6# 0-1

[Event "V4 OPEN - International Championship of Slovakia 2
[Site "Banska Stiavnica"]
[Date "2013.07.14"]
[Round "9"]
[Board "41"]
[White "Gombar, Peter"]
[Black "Pesztericz, Laszlo"]
[Result "1/2-1/2"]
[WhiteElo "1964"]
[BlackElo "2132"]
[PlyCount "117"]
[EventDate "2013.07.06"]
[EventRounds "9"]
[EventCountry "SVK"]

1. e4 e5 2. Nf3 Nc6 3. Bb5 a6 4. Ba4 Nf6 5. O-O Be7 6. Re1 b5 7. Bb3 d6 8. c3
O-O 9. h3 Na5 10. Bc2 c5 11. d4 Qc7 12. Nbd2 cxd4 13. cxd4 Bb7 14. d5 Bc8 15.
Nf1 Bd7 16. Ne3 g6 17. Bd2 Rfc8 18. Rc1 Qb6 19. Bd3 Rxc1 20. Qxc1 Nh5 21. b4
Nb7 22. Qb2 Nf4 23. Bf1 f5 24. exf5 gxf5 25. Nxf5 Nxh3+ 26. gxh3 Bxf5 27. Bg5
Bf8 28. Rc1 Nd8 29. Nh4 Be4 30. Bg2 Bxg2 31. Kxg2 Qb7 32. Qd2 Nf7 33. Kh2 Nxg5
34. Qxg5+ Qg7 35. Qh5 Qh6 36. Qxh6 Bxh6 37. Rc6 Bf4+ 38. Kg1 a5 39. bxa5 Rxa5
40. Rb6 e4 41. Nf5 Kf7 42. Nxd6+ Bxd6 43. Rxd6 Rxa2 44. Re6 Rd2 45. Rxe4 Rxd5
46. Kg2 Kf6 47. Kg3 Re5 48. Rb4 Ke6 49. f4 Rd5 50. Kg4 h5+ 51. Kf3 Kf5 52. Rb3
Rc5 53. Ke3 Ke6 54. Kd4 Kd6 55. Ke4 h4 56. Kf3 Ke6 57. Kg4 Kf6 58. Kxh4 Kf5 59.
Kg3 1/2-1/2

[Event "V4 OPEN - International Championship of Slovakia 2
[Site "Banska Stiavnica"]
[Date "2013.07.14"]
[Round "9"]
[Board "42"]
[White "Lukac, Roman"]
[Black "Urbanic, Martin"]
[Result "1/2-1/2"]
[WhiteElo "2126"]
[BlackElo "1912"]
[PlyCount "63"]
[EventDate "2013.07.06"]
[EventRounds "9"]
[EventCountry "SVK"]

1. e4 e5 2. Nf3 Nc6 3. Bb5 f5 4. d3 Nf6 5. Nc3 d6 6. a4 fxe4 7. dxe4 Be6 8. h3
Be7 9. Be3 a6 10. Be2 h6 11. Qd2 Qd7 12. g4 O-O-O 13. g5 hxg5 14. Nxg5 Rdf8 15.
O-O-O Bxh3 16. Nxh3 Rxh3 17. Rhg1 Kb8 18. Rxg7 Rh2 19. Kb1 Ne8 20. Bg4 Qd8 21.
Rg6 Rfh8 22. Nd5 Nf6 23. Bf5 Nxd5 24. exd5 Nd4 25. Bxd4 exd4 26. Qxd4 Rf8 27.
Qe4 Rxf2 28. Be6 Bf6 29. Rdg1 Be5 30. Rg8 Rxg8 31. Rxg8 Rf8 32. Qg6 1/2-1/2

[Event "V4 OPEN - International Championship of Slovakia 2
[Site "Banska Stiavnica"]
[Date "2013.07.14"]
[Round "9"]
[Board "43"]
[White "Kula, Dominik"]
[Black "Mulenko, Alexander"]
[Result "0-1"]
[WhiteElo "1906"]
[BlackElo "2098"]
[PlyCount "56"]
[EventDate "2013.07.06"]
[EventRounds "9"]
[EventCountry "SVK"]

1. e4 c5 2. Nf3 g6 3. d4 Bg7 4. dxc5 Nf6 5. e5 Ng4 6. Qd4 h5 7. h3 Nc6 8. Qe4
Ngxe5 9. Nxe5 Nxe5 10. Nc3 d6 11. f4 Nc6 12. Bb5 O-O 13. Bxc6 Bf5 14. Qe2 bxc6
15. g4 Bd7 16. gxh5 e5 17. hxg6 Qh4+ 18. Qf2 Qxf2+ 19. Kxf2 fxg6 20. cxd6 exf4
21. Bd2 Bd4+ 22. Kf3 c5 23. Ne4 Rae8 24. c3 Bc6 25. d7 Bxe4+ 26. Kg4 Bf5+ 27.
Kf3 Bxd7 28. cxd4 Bc6+ 0-1

[Event "V4 OPEN - International Championship of Slovakia 2
[Site "Banska Stiavnica"]
[Date "2013.07.14"]
[Round "9"]
[Board "44"]
[White "Kral, Klaudia"]
[Black "Koval, Maros"]
[Result "0-1"]
[WhiteElo "1911"]
[BlackElo "2084"]
[PlyCount "42"]
[EventDate "2013.07.06"]
[EventRounds "9"]
[EventCountry "SVK"]

1. e4 c5 2. c3 e6 3. Nf3 d5 4. exd5 exd5 5. d4 Nf6 6. Bd3 Nc6 7. h3 Bd6 8. O-O
Be6 9. Be3 c4 10. Bc2 h6 11. b3 Qd7 12. Qe2 cxb3 13. axb3 O-O 14. Na3 Rae8 15.
c4 Bxh3 16. Ne5 Nxe5 17. dxe5 Bxe5 18. Rad1 d4 19. f4 Bg4 20. Qd3 Bxd1 21. Rxd1
dxe3 0-1

[Event "V4 OPEN - International Championship of Slovakia 2
[Site "Banska Stiavnica"]
[Date "2013.07.14"]
[Round "9"]
[Board "45"]
[White "Fiala, Jan"]
[Black "Medvec, Miroslav"]
[Result "1/2-1/2"]
[WhiteElo "2055"]
[BlackElo "1905"]
[PlyCount "115"]
[EventDate "2013.07.06"]
[EventRounds "9"]
[EventCountry "SVK"]

1. e4 e5 2. Nf3 Nc6 3. Bb5 a6 4. Ba4 Nf6 5. O-O Be7 6. Re1 b5 7. Bb3 O-O 8. a4
b4 9. d3 d6 10. a5 Bg4 11. Nbd2 Nd4 12. Bc4 c5 13. h3 Bxf3 14. Nxf3 Nc6 15. Bg5
Nxa5 16. Bxf6 Bxf6 17. Bd5 Ra7 18. c3 bxc3 19. bxc3 Qc7 20. Qa4 Nb7 21. Qc4 Na5
22. Qa4 Nb7 23. Reb1 Nd8 24. Qc4 a5 25. Rb5 Nc6 26. Nd2 Ne7 27. Ra4 Nxd5 28.
Qxd5 Rb8 29. Qc6 Rba8 30. Qxc7 Rxc7 31. Nc4 Be7 32. Rbxa5 Rxa5 33. Rxa5 g6 34.
Ra6 Rd7 35. Kf1 f6 36. Nb6 Rb7 37. Nd5 Kf7 38. Ke2 Ke6 39. Ra8 f5 40. Re8 Kf7
41. Rh8 Kg7 42. Ra8 Kf7 43. g3 Bg5 44. f4 exf4 45. gxf4 Bh4 46. Ke3 h6 47. Ra6
Ke6 48. e5 Rd7 49. Nb6 Rd8 50. Nc4 Be7 51. d4 cxd4+ 52. Kxd4 g5 53. fxg5 hxg5
54. Rb6 g4 55. hxg4 fxg4 56. Ke4 g3 57. Ne3 Rg8 58. Ng2 1/2-1/2

[Event "V4 OPEN - International Championship of Slovakia 2
[Site "Banska Stiavnica"]
[Date "2013.07.14"]
[Round "9"]
[Board "46"]
[White "Jurcisin, Imrich"]
[Black "Michalek, Matej"]
[Result "0-1"]
[WhiteElo "2046"]
[BlackElo "1885"]
[PlyCount "88"]
[EventDate "2013.07.06"]
[EventRounds "9"]
[EventCountry "SVK"]

1. e4 d6 2. d4 g6 3. Nc3 Bg7 4. Nf3 Nf6 5. Be2 O-O 6. O-O Nbd7 7. h3 e5 8. dxe5
Nxe5 9. Nxe5 dxe5 10. Be3 Be6 11. Qxd8 Rfxd8 12. Rfd1 b6 13. Nb5 Rd7 14. Rxd7
Bxd7 15. Rd1 c6 16. Nd6 Be6 17. b3 Rd8 18. f3 Bf8 19. Nb7 Rxd1+ 20. Bxd1 Be7
21. Be2 Bc8 22. Ba6 Nd7 23. Na5 Bxa6 24. Nxc6 Bd6 25. Nxa7 Kf8 26. Kf2 f5 27.
exf5 gxf5 28. g3 Kf7 29. Nc6 Kf6 30. a4 Bb7 31. Na7 Nc5 32. Nb5 Be7 33. Na3
Nxa4 34. bxa4 Bxa3 35. Bxb6 Ba6 36. g4 f4 37. h4 Bb2 38. Kg2 Ke6 39. Bd8 Kd5
40. g5 Ke6 41. Bb6 Bc3 42. Kh3 Kf5 43. Bf2 Be2 44. Kg2 Bd1 0-1

[Event "V4 OPEN - International Championship of Slovakia 2
[Site "Banska Stiavnica"]
[Date "2013.07.14"]
[Round "9"]
[Board "47"]
[White "Chovan, Milan"]
[Black "Bakalar, Jan"]
[Result "0-1"]
[WhiteElo "1890"]
[BlackElo "2042"]
[PlyCount "70"]
[EventDate "2013.07.06"]
[EventRounds "9"]
[EventCountry "SVK"]

1. e4 c5 2. Nf3 e6 3. d4 cxd4 4. Nxd4 a6 5. Bd3 Qc7 6. O-O b5 7. Kh1 Bb7 8. f4
d6 9. Be3 Nd7 10. Nd2 Ngf6 11. Qe2 g6 12. Rae1 Bg7 13. Bg1 e5 14. fxe5 dxe5 15.
N4b3 O-O 16. c4 b4 17. a3 bxa3 18. bxa3 a5 19. Rc1 a4 20. Na1 Nc5 21. Bxc5 Qxc5
22. Nc2 Nh5 23. Rb1 Bc6 24. Qe3 Qxe3 25. Nxe3 Bh6 26. Rf3 Rfd8 27. Nef1 Bxd2
28. Nxd2 Nf4 29. Rb6 Rab8 30. g3 Nxd3 31. Rf6 Ba8 32. Ra6 Nc5 33. Ra7 Rxd2 34.
Rfxf7 Bxe4+ 35. Kg1 g5 0-1